Szczegóły MARC21

Bezpieczeństwo na elastycznym rynku pracy /

003 -Nazwa inst., której nr kontr. jest w polu 001 [,]
    • @
    • Nazwa instytucji, której n kontrolny jest w polu 001
    • NUKAT
005 -DATA I CZAS OSTATNIEJ MODYFIKACJI [,]
    • @
    • pole kontrolne
    • 20241231105451.0
020 -Międzynarod. znormalizowany nr książki - ISBN [ , ]
    • a
    • Numer ISBN
    • 8360302154 Find
040 -Instytucja sporządzająca opis [ , ]
    • a
    • Instytucja, która sporządziła opis (NP)
    • KR 7/TS
    • c
    • Instytucja, która sporządziła rekord (NP)
    • KR 7/TS
    • d
    • Instytucja, która zmodyfikowała rekord (P)
    • KR 7/BZ
    • d
    • Instytucja, która zmodyfikowała rekord (P)
    • KR 7/DZs
942 -Rodzaj dokumentu [ , ]
    • c
    • Rodzaj dokumentu
    • Książka
245 -Strefa tytułu i oznaczenia odpowiedzialności [0,0]
    • a
    • Tytuł
    • Bezpieczeństwo na elastycznym rynku pracy / Find
    • c
    • Pozostałe elementy strefy tytułu i oznaczenia odpowiedzialności (NP)
    • pod red. Macieja Bukowskiego ; [aut. Maciej Bukowski et al.].
260 -Strefa adresu wydawniczego [ , ]
    • a
    • Miejsce wydania (P)
    • Warszawa :
    • b
    • Nazwa wydawcy (P)
    • Ministerstwo Pracy i Polityki Społecznej. Departament Analiz Ekonomicznych i Prognoz,
    • c
    • Data wydania (P)
    • 2008.
300 -Strefa opisu fizycznego [ , ]
    • a
    • Określenie formy książki i/lub objętość (NP)
    • 184 s. :
    • b
    • Oznaczenie ilustracji (NP)
    • il. kolor. ;
    • c
    • Format (NP)
    • 30 cm.
336 -Typ zawartości [ , ]
    • a
    • Termin opisujący typ zawartości
    • Tekst
    • b
    • Kod określający zawartość
    • txt
    • 2
    • Źródło (terminu i kodu)
    • rdacontent
337 -Typ mediów [ , ]
    • a
    • Tryb odtwarzania
    • Bez urządzenia pośredniczącego
    • b
    • Kod typu mediów
    • n
    • 2
    • Źródło (terminu i kodu)
    • rdamedia
338 -Typ/rodzaj nośnika [ , ]
    • a
    • Hasło opisujące typ nośnika
    • Wolumin
    • b
    • Kod typu nośnika
    • nc
    • 2
    • Źródło (terminu i kodu)
    • rdacarrier
490 -Strefa serii i książki wielotomowej - forma nie do wyszukiwania [1, ]
    • a
    • Tytuł (P)
    • Zatrudnienie w Polsce ; Find
    • v
    • Numeracja (P)
    • 2007
830 -Hasło dodatkowe serii i opisu książki wielotomowej - tytuł ujednolicony/tytuł [ ,0]
    • a
    • Tytuł ujednolicony/tytuł (NP)
    • Zatrudnienie w Polsce
    • v
    • Oznaczenie tomu (NP)
    • 2007
    • 9
    • KHW
    • 79497
504 -Uwaga dot. bibliogr. załącznikowej [ , ]
    • a
    • Uwaga dot. bibliografii załącznikowej
    • Bibliogr. s. 178-184.
080 -Uniwersalna Klasyfikacja Dziesiętna [ , ]
    • 2
    • Identyfikator wydania tablic
    • UDC-P058
    • 9
    • UKD
    • 3052
    • a
    • Symbol klasyfikacji
    • 331.5
    • b
    • Dopowiedzenie
    • Rynek pracy. Zatrudnienie. Pełne zatrudnienie. Brak sił roboczych. Ruchliwość sił roboczych. Obcokrajowe siły robocze. Zatrudnienie cudzoziemców. Gastarbeiterzy. Praca za granicą. Rehabilitacja zawodowa.
    • 4
    • UKD2
    • 7642
    • x
    • Poddział wspólny
    • (438)
    • c
    • Dopowiedzenie poddz. wspólnego
    • (Polska).
    • 4
    • UKD2
    • 13163
    • x
    • Poddział wspólny
    • (083.41)
    • c
    • Dopowiedzenie poddz. wspólnego
    • (Tablice statystyczne, dane statystyczne).
080 -Uniwersalna Klasyfikacja Dziesiętna [ , ]
    • 2
    • Identyfikator wydania tablic
    • UDC-P058
    • 9
    • UKD
    • 3592
    • a
    • Symbol klasyfikacji
    • 349.2
    • b
    • Dopowiedzenie
    • Prawo pracy.
    • 4
    • UKD2
    • 7642
    • x
    • Poddział wspólny
    • (438)
    • c
    • Dopowiedzenie poddz. wspólnego
    • (Polska).
650 -Hasło przedmiotowe [ ,7]
    • a
    • Hasło przedmiotowe
    • Rynek pracy
    • z
    • Określnik geograficzny
    • Polska
    • y
    • Określnik chronologiczny
    • 1990-
    • v
    • Określnik formalny
    • statystyki.
    • 2
    • Źródło terminu
    • kaba
    • 9
    • KHW
    • 393307
650 -Hasło przedmiotowe [ ,7]
    • a
    • Hasło przedmiotowe
    • Polityka zatrudnienia
    • z
    • Określnik geograficzny
    • Polska
    • y
    • Określnik chronologiczny
    • 1990-
    • v
    • Określnik formalny
    • statystyki.
    • 2
    • Źródło terminu
    • kaba
    • 9
    • KHW
    • 388142
650 -Hasło przedmiotowe [ ,7]
    • a
    • Hasło przedmiotowe
    • Płace
    • z
    • Określnik geograficzny
    • Polska
    • y
    • Określnik chronologiczny
    • 1990-
    • v
    • Określnik formalny
    • statystyki.
    • 2
    • Źródło terminu
    • kaba
    • 9
    • KHW
    • 388143
980 -Symbol UKD [ , ]
    • a
    • UKD
    • 331.5(083.41):349.2](438)
700 -Hasło dodatkowe - nazwa osobowa [1, ]
    • a
    • Nazwa osobowa (NP)
    • Bukowski, Maciej. Find
    • e
    • Określenie rodzaju współpracy
    • Red.
    • 9
    • KHW
    • 16987
710 -Hasło dodatkowe - nazwa ciała zbiorowego [1, ]
    • a
    • Nazwa ciała zbiorowego lub nazwa geograficzna jako pierwszy element (NP)
    • Polska.
    • b
    • Nazwa jednostki podrzędnej (P)
    • Ministerstwo Pracy i Polityki Społecznej.
    • b
    • Nazwa jednostki podrzędnej (P)
    • Departament Analiz Ekonomicznych i Prognoz.
    • 4
    • Kod relacji
    • pbl
    • 9
    • KHW
    • 79496
920 -ISBN [ , ]
    • a
    • ISBN
    • 83-60302-15-4 Find
Lokalizacja Data inwentaryzacji Numer inwentarzowy Status udost.
BE2008-10-03E.71492-2
BE2013-03-18S.94607-2
BE2013-03-18S.94608-2